Štruktúrna politika

Bibliographic Details
Main Author: Valach, Eugen, 1940- (Author)
Format: Book
Language:Slovak
PhysicalDescription:94 s. tab. 30 cm
Published: Banská Bystrica Univerzita Mateja Bela 1999
ISBN:8080553270
Subjects:

MARC

LEADER 00000nam a2200000 a 4500
001 vtls001385639
003 SK-MaSNL
005 20260302025905.0
008 251117s1999 xo ap r yy slo
015 |a SNBA2000/05-01662 
020 |a 8080553270 
035 |a SNK000339773 
035 |a urn:nbn:sk:snk-amtke4 
035 |a urn:nbn:sk:snk-am00c6x9 
035 |a 4365EF96-806C-44D6-B7D8-E39F09889A08 
040 |a SNK  |b slo  |c SNK  |e AACR2 
041 0 |a slo 
044 |a xo  |c SK 
080 |a 338.2(075.8)  |2 1981 
100 1 |a Valach, Eugen,  |d 1940-  |4 aut  |9 182897 
245 1 0 |a Štruktúrna politika  |c Eugen Valach 
260 |a Banská Bystrica  |b Univerzita Mateja Bela  |c 1999 
300 |a 94 s.  |b tab.  |c 30 cm 
500 |a 200 výt. 
504 |a Bibliogr. odkazy 
650 0 7 |a štrukturálna politika  |2 SNK  |9 66203 
650 0 7 |a hospodárska politika  |x vysokoškolské učebnice  |2 SNK  |9 60459 
655 7 |a Textbooks (higher)  |2 SNKPHeng  |9 276436 
655 7 |a učebnice vysokých škôl  |2 SNKPH  |9 70191 
752 |d Banská Bystrica 
919 |a 80-8055-327-0 
958 |a TL 
958 |a NB 
958 |a UV 
999 |c 1045607  |d 1047537 
952 |t P60, <03>, [BOOK], {603}  |a SNK  |b SNK  |y PREZ  |7 0  |p 17A0232786  |o snkSB 61562  |i snkKSP 3275/2000  |0 0  |1 0  |4 0  |d 2000-03-24  |f 1  |l 0  |r 2025-04-15 00:00:00  |w 2026-02-24 
952 |t P60, <04>, [BOOK], {604}  |a SNK  |b SNK  |y VYP  |7 0  |p 17A0232787  |o snkSB 61562 D1  |i snkKSP 3276/2000  |0 0  |1 0  |4 0  |d 2000-03-24  |l 0  |r 2005-01-02 00:00:00  |w 2026-02-24